| 000 | 00809nam a2200217Ia 4500 | ||
|---|---|---|---|
| 003 | GCL | ||
| 008 | 140319s9999 xx 000 0 ara d | ||
| 040 |
_aGCL / _cGCL |
||
| 082 | 0 | 4 |
_aد _b050 |
| 100 | 1 | _aفؤاد زكريا | |
| 245 | 1 | 0 |
_aحكمة الغرب : الجزء الثانى ( عالم المعرفة 72) : _bالفلسفة الحديثة والمعاصرة / _cفؤاد زكريا |
| 700 | 1 | _aراسيل برتراند | |
| 260 |
_aالكويت : _bالمجلس الوطنى للثقافة والفنون والاداب ، _c1983 |
||
| 300 |
_a332 ص ؛ _c20 سم |
||
| 490 |
_aعالم المعرفة _v72 |
||
| 650 | 0 | 4 | _aالفلسفة |
| 650 | 0 | 4 | _aالفلسفة الحديثة |
| 650 | 0 | 4 | _aالحركات الفكرية |
| 650 | 0 | 4 | _aالفلسفة - مذاهب |
| 942 |
_2ddc _cBK |
||
| 999 |
_c50440 _d50440 |
||